000 00687nam a2200193Ia 4500
008 151119s9999||||xx |||||||||||||| ||und||
082 _a891.3
082 _bGKKV27354
100 _aधडफळे मो गो
245 _aपालीकाभाषेतील बौध्दसंत साहित्य
260 _a--
260 _b--
260 _c2003
600 _aधडफळे मो गो
630 _aपालीकाभाषेतील बौध्दसंत साहित्य
700 _aधडफळे मो गो
730 _aपालीकाभाषेतील बौध्दसंत साहित्य
942 _cBOOK
999 _c1079796
_d1079793